Declaración de impacto ambiental: Uso temporal de petróleo diesel en la 2ª unidad de la Central San Isidro. Adenda N§ 1
Guardat en:
| Autor corporatiu: | |
|---|---|
| Format: | Llibre |
| Idioma: | espanyol |
| Publicat: |
Santiago
Ingendesa
2005
|
| Matèries: | |
| Etiquetes: |
Afegir etiqueta
Sense etiquetes, Sigues el primer a etiquetar aquest registre!
|
MARC
| LEADER | 00000nam a2200000 a 4500 | ||
|---|---|---|---|
| 001 | UCK9953 | ||
| 003 | CL-VaPUC | ||
| 008 | 060623e20050000CL |||||||||||||||||spa|d | ||
| 082 | 0 | 4 | |a 363.731 |b END |2 21 |
| 110 | 2 | |a ENDESA Chile |e author |9 499907 | |
| 245 | 1 | 0 | |a Declaración de impacto ambiental: Uso temporal de petróleo diesel en la 2ª unidad de la Central San Isidro. Adenda N§ 1 |
| 300 | |a Pág. irreg | ||
| 942 | |c BK | ||
| 945 | |d 20060623 00:00:00 |a cmena | ||
| 260 | |a Santiago |b Ingendesa |c 2005 | ||
| 600 | 0 | 7 | |a COREMA |2 CL-VaPUC |9 493336 |
| 600 | 0 | 7 | |a CENTRAL SAN ISIDRO |2 CL-VaPUC |9 493337 |
| 650 | 0 | |a Impacto ambiental |9 262796 | |
| 650 | 7 | |a PETROLEO |2 CL-VaPUC |9 320865 | |
| 650 | 0 | |a Combustibles |9 271720 | |
| 650 | 0 | |a Contaminación ambiental |9 314181 | |
| 650 | 0 | |a Aguas servidas |9 261486 | |
| 650 | 0 | |a Protección del medio ambiente |9 257626 | |
| 650 | 0 | |a Responsabilidad social |9 339076 | |
| 651 | 0 | |a Quillota |9 265145 | |
| 583 | |a last modification |c 20060623 00:00:00 |k Rodrigo Vera | ||
| 999 | |c 316951 |d 316949 | ||
| 952 | |0 0 |1 0 |4 0 |6 363_731000000000000_END_2005 |7 0 |8 P |9 392586 |a BIBING |b BIBING |d 2019-11-22 |i 4238966 |o 363.731 END 2005 |p 4238966 |r 2025-01-20 |w 2019-11-22 |y BK |k CCL | ||